[Event "Lund CellaVision Cup"]
[Site "Lund"]
[Date "2018.08.05"]
[Round "7"]
[White "Hansen, Torbjorn Ringdal"]
[Black "Dragicevic, Drazen"]
[Result "1/2-1/2"]
[WhiteElo "2422"]
[BlackElo "2339"]
[PlyCount "221"]
[EventDate "2018.08.03"]
[EventType "swiss"]
[EventRounds "8"]
[EventCountry "SWE"]
[SourceTitle "CBM 186 Extra"]
[Source "ChessBase"]
[SourceDate "2018.08.24"]
[SourceVersion "1"]
[SourceVersionDate "2018.08.24"]
[SourceQuality "1"]

1. e4 c5 2. Nf3 Nc6 3. d4 cxd4 4. Nxd4 Nf6 5. Nc3 e5 6. Ndb5 d6 7. Nd5 Nxd5 8. exd5 Nb8 9. c4 a6 10. Nc3 Be7 11. Be2 0-0 12. 0-0 g5 13. a4 a5 14. c5 dxc5 15. Nb5 Ra6 16. Ra3 Rg6 17. Re1 Bd6 18. Rg3 h6 19. Bh5 Rg7 20. Bd2 b6 21. Bc3 f6 22. Bg4 Bxg4 23. Qxg4 Qd7 24. Qe2 Be7 25. Qc4 Bd8 26. h4 Rff7 27. h5 Na6 28. d6 Nb8 29. Rge3 Nc6 30. Qd5 Qb7 31. Qc4 Qd7 32. Kf1 Kh8 33. b3 Rf8 34. f3 Qf7 35. Qe4 Nb8 36. g4 Nd7 37. Kg2 Kg8 38. Bb2 Kh8 39. Na3 Kg8 40. Nc4 Re8 41. Qc6 Rf8 42. Rd3 Kh8 43. Ne3 Nb8 44. Qe4 Qb7 45. Qc4 Qf7 46. Qc1 Nd7 47. Nf5 Rh7 48. Qc2 Qe6 49. Re4 Rff7 50. Qe2 Nf8 51. Rde3 Qd7 52. Kg3 Kg8 53. Qc4 Qe6 54. Qd3 Qd7 55. Qd5 Qe6 56. Qa8 Qd7 57. Qa6 Ne6 58. Re1 Nf4 59. Qa8 Rf8 60. Rxf4 gxf4+ 61. Kg2 Qb7 62. Nxh6+ Kh8 63. Qxb7 Rxb7 64. g5 fxg5 65. Ng4 Kh7 66. Bxe5 Re8 67. Rc1 Re6 68. Kf1 Rf7 69. Rc4 Kg8 70. Re4 Rh7 71. h6 Kf7 72. Ke2 Rexh6 73. Nxh6+ Rxh6 74. Kd3 Rh3 75. Kc4 Rxf3 76. Kd5 Re3 77. Rc4 Rd3+ 78. Ke4 Rxb3 79. Kf5 Rh3 80. Rc2 Rh1 81. Re2 Rh6 82. d7 f3 83. Rd2 Rh4 84. Bg3 Rd4 85. Rh2 Rd5+ 86. Ke4 Rd4+ 87. Kf5 Bf6 88. Rh7+ Kg8 89. Rh6 Rxd7 90. Rxf6 Rf7 91. Rxf7 Kxf7 92. Ke4 Ke6 93. Kxf3 Kd5 94. Bc7 Kc4 95. Bxb6 Kb4 96. Bd8 Kxa4 97. Bxg5 Kb3 98. Ke2 Kc2 99. Be7 c4 100. Bd6 a4 101. Be7 c3 102. Bd6 Kb1 103. Ba3 Kc2 104. Bd6 Kb2 105. Kd3 c2 106. Ba3+ Kxa3 107. Kxc2 Ka2 108. Kc1 a3 109. Kc2 Ka1 110. Kc1 a2 111. Kc2 1/2-1/2

[Event "Lund CellaVision Cup"]
[Site "Lund"]
[Date "2018.08.04"]
[Round "5"]
[White "Olofsson Dolk, Mattis"]
[Black "Hansen, Torbjorn Ringdal"]
[Result "1/2-1/2"]
[WhiteElo "2189"]
[BlackElo "2422"]
[PlyCount "89"]
[EventDate "2018.08.03"]
[EventType "swiss"]
[EventRounds "8"]
[EventCountry "SWE"]
[SourceTitle "CBM 186 Extra"]
[Source "ChessBase"]
[SourceDate "2018.08.24"]
[SourceVersion "1"]
[SourceVersionDate "2018.08.24"]
[SourceQuality "1"]

1. d4 Nf6 2. c4 g6 3. Nc3 Bg7 4. e4 d6 5. h3 0-0 6. Be3 Na6 7. Nf3 e5 8. d5 Nh5 9. Nd2 Qe8 10. Be2 Nf4 11. 0-0 Nxe2+ 12. Qxe2 f5 13. exf5 gxf5 14. f4 Bd7 15. Rae1 Qg6 16. Nf3 Rae8 17. Qd2 Kh8 18. a3 e4 19. Nd4 Nc5 20. Nce2 Rg8 21. b4 Nd3 22. Rb1 Bf6 23. Nc1 Qg7 24. Ndb3 Qh6 25. Nxd3 exd3 26. Rf3 Rg6 27. Bd4 Bxd4+ 28. Nxd4 Reg8 29. Rb2 c5 30. dxc6 bxc6 31. Qxd3 Qg7 32. Rff2 Rg3 33. Nf3 Rxh3 34. Rbe2 Qa1+ 35. Rf1 Rh1+ 36. Kxh1 Qxf1+ 37. Ng1 Qxf4 38. Qc3+ Rg7 39. Qf6 Qg5 40. Qf8+ Rg8 41. Qxd6 Qh4+ 42. Nh3 Qxc4 43. Qxd7 Qxe2 44. Qd4+ Rg7 45. Qd8+ 1/2-1/2

[Event "Lund CellaVision Cup"]
[Site "Lund"]
[Date "2018.08.03"]
[Round "4"]
[White "Hansen, Torbjorn Ringdal"]
[Black "Grandelius, Nils"]
[Result "0-1"]
[WhiteElo "2422"]
[BlackElo "2658"]
[PlyCount "52"]
[EventDate "2018.08.03"]
[EventType "swiss"]
[EventRounds "8"]
[EventCountry "SWE"]
[SourceTitle "CBM 186 Extra"]
[Source "ChessBase"]
[SourceDate "2018.08.24"]
[SourceVersion "1"]
[SourceVersionDate "2018.08.24"]
[SourceQuality "1"]

1. e4 c5 2. Nf3 d6 3. Bb5+ Nd7 4. Ba4 Ngf6 5. 0-0 b6 6. d4 cxd4 7. Nxd4 Bb7 8. Nc3 g6 9. f4 Nxe4 10. Nxe4 Bxe4 11. f5 Bg7 12. Ne6 fxe6 13. fxe6 b5 14. exd7+ Qxd7 15. Bb3 Bf6 16. a4 bxa4 17. Rxa4 Bc6 18. Ra6 Qb7 19. Rxc6 Qxc6 20. Qg4 Qc5+ 21. Kh1 Rb8 22. Qa4+ Kd8 23. Be6 Qb5 24. Qf4 Bg7 25. Rd1 Rf8 26. Qe4 Rf1+ 0-1